ბათუმის შოთა რუსთაველის სახელმწიფო უნივერსიტეტის ბიბლიოთეკა

იმერული დიალექტის სალექსიკონო მასალა (ბიბ.ჩანაწერი № 51195)

000 -LEADER
fixed length control field 01119nam a2200265Ia 4500
001 - CONTROL NUMBER
control field 18154
003 - CONTROL NUMBER IDENTIFIER
control field GE_BSU
008 - FIXED-LENGTH DATA ELEMENTS--GENERAL INFORMATION
fixed length control field 181216s||||||||xx |||||||||||||| ||und||
020 ## - INTERNATIONAL STANDARD BOOK NUMBER
International Standard Book Number 978-9941-12-972-8
040 ## - CATALOGING SOURCE
Transcribing agency GE_BSU
080 ## - UNIVERSAL DECIMAL CLASSIFICATION NUMBER
Universal Decimal Classification number 81'374(038)=353.1'282
100 ## - MAIN ENTRY--PERSONAL NAME
Personal name უკლება, ლეილა
245 ## - TITLE STATEMENT
Title იმერული დიალექტის სალექსიკონო მასალა
245 ## - TITLE STATEMENT
Statement of responsibility, etc. რედ. ჟუჟუნა ფეიქრიშვილი
260 ## - PUBLICATION, DISTRIBUTION, ETC.
Place of publication, distribution, etc. თბილისი
260 ## - PUBLICATION, DISTRIBUTION, ETC.
Name of publisher, distributor, etc. უნივერსალი
260 ## - PUBLICATION, DISTRIBUTION, ETC.
Date of publication, distribution, etc. 2010
300 ## - PHYSICAL DESCRIPTION
Extent 180გვ. : ფოტ. ; 20სმ.
300 ## - PHYSICAL DESCRIPTION
Accompanying material დანართი: გვ. 96-171. ფოტომასალა: გვ. 172-179.
653 ## - INDEX TERM--UNCONTROLLED
Uncontrolled term იმერული დიალექტის სალექსიკონო მასალა
653 ## - INDEX TERM--UNCONTROLLED
Uncontrolled term ქართველ მწერალთა ენა; გოთუა ლევან; ევდოშვილი, იროდიონ
653 ## - INDEX TERM--UNCONTROLLED
Uncontrolled term ქართული ენა
942 ## - ADDED ENTRY ELEMENTS (KOHA)
Koha item type წიგნი
ეგზემპლარები
Withdrawn status Lost status Damaged status Not for loan Date acquired Barcode Date last seen Price effective from Koha item type
        2018-12-17 46295 2018-12-17 2018-12-17 წიგნი
        2018-12-17 46296 2018-12-17 2018-12-17 წიგნი